000 01654cam a2200445 a 4500
001 748290781
003 OCoLC
005 20170807133610.0
008 110824r20122011mnua a 000 1 eng c
010 _a2011034043
020 _a9781404874190
020 _a1404874194
035 _a(OCoLC)748290781
040 _aZQP/DLC
_beng
_cZQP
_dDLC
_dOCLCO
042 _apcc
_alcac
050 0 0 _aPZ7.B6989
_bTer 2012
082 0 0 _a[E]
_223
092 _aE BEHAVIOR BIN
100 1 _aBracken, Beth.
_95707447
245 1 0 _aTerrible, awful, horrible manners /
_cby Beth Bracken ; illustrated by Richard Watson.
260 _aNorth Mankato, Minn. :
_bPicture Window Books,
_cc2012.
264 _aNorth Mankato, Minn.
_bPicture Window Books
_c2012
300 _a1 v. (unpaged) :
_bcol. ill. ;
_c19 cm.
336 _atext
337 _aunmediated
338 _avolume
490 1 _aLittle boost.
500 _a"A Capstone imprint."
500 _aOriginally published in a different format: Mankato, Minn. : Picture Window Books, 2011.
520 _aPete has horrible manners, but when his family begins imitating him, he realizes that manners are important.
650 0 _aEtiquette
_vJuvenile fiction.
_95673640
650 0 _aConduct of life
_vJuvenile fiction.
_95675513
650 0 _aFamilies
_vJuvenile fiction.
_95674031
650 0 _aAnimals
_vJuvenile fiction.
_95678723
650 0 _aHuman behavior
_vJuvenile fiction.
_95707448
700 1 _aWatson, Richard,
_d1980-
_eillustrator.
_95707449
830 0 _aLittle boost.
_95707450
907 _a.b338196973
942 _2ddc
_cBOOK
999 _c210803
_d210803